|
|
|
|
| LEADER |
00963cam a2200277 7i4500 |
| 001 |
0000035366 |
| 005 |
20190613090000.0 |
| 007 |
##ta |
| 008 |
190515s2018 |
| 020 |
# |
# |
|a 9783319722382
|
| 040 |
# |
# |
|a MATR
|
| 090 |
0 |
0 |
|a EURO 338.7094
|b DOI
|
| 245 |
0 |
0 |
|a Doing Business in Europe :
|b Economic Integration Processes, Policies, and the Business Environment
|c Alina Mihaela Dima, editor.
|
| 264 |
# |
1 |
|a Cham:
|b Springer,
|c 2018.
|
| 264 |
# |
4 |
|a ♭.
|
| 300 |
# |
# |
|a xxi, 449pages:
|b illustrations;
|c 30cm.
|
| 336 |
# |
# |
|a text
|2 rdacontent
|
| 337 |
# |
# |
|a unmediated
|2 rdamedia
|
| 338 |
# |
# |
|a volume
|2 rdacarrier
|
| 504 |
# |
# |
|a Includes bibliographical references and index
|
| 650 |
# |
0 |
|a Industrial policy --
|z Europe
|
| 651 |
# |
0 |
|a Europe --
|x Commercial policy
|
| 651 |
# |
0 |
|a Europe --
|x Commerce
|
| 651 |
# |
0 |
|a Europe --
|x Economic conditions
|
| 999 |
|
|
|a B000040386
|b Book
|c Regions
|e Business Information Centre
|
| 999 |
|
|
|a 0000040242
|b Book
|c Regions
|e Business Information Centre
|